000 00469nam a22001817a 4500
003 OSt
005 20180116183020.0
008 151109b xxu||||| |||| 00| 0 eng d
020 _a9789699251412
040 _c0
082 _a658 ULL 2013
100 _aDr. Zia Ullah
245 _aHospital Administration & Management
260 _aLahore
_bTopical Printers
_c2013
300 _a269 p.
_bPB
440 _aHospital Administration & Management
942 _2ddc
_cBK
999 _c350525
_d350525